Statystyki dla Terytoria kontrolowane przez państwa Osi

Kliknij tutaj aby rozwiązać quiz!

Ogólne statystyki

  • Ten quiz został rozwiązany 4,255 razy
  • Średni wynik to 44 z 69

Statystyki odpowiedzi

% Kraj % poprawnych
100Polska
97%
10Rosja
94%
86Francja
94%
100Włochy
92%
100Niemcy
92%
100Czechy
89%
100Słowacja
89%
30Chiny
89%
100Japonia
89%
100Norwegia
88%
100Łotwa
88%
100Litwa
88%
100Estonia
87%
100Austria
87%
100Ukraina
86%
100Węgry
85%
100Grecja
85%
100Rumunia
85%
100Belgia
85%
100Holandia
84%
100Serbia
84%
2Dania
83%
100Białoruś
83%
100Finlandia
82%
100Chorwacja
82%
100Bułgaria
80%
100Słowenia
79%
< 1Stany Zjednoczone
(Aleuty / Guam)
77%
100Albania
77%
100Luksemburg
76%
40Egipt
75%
100Bośnia i
Hercegowina
75%
< 1Wielka Brytania
(Wyspy Normandzkie)
74%
100Czarnogóra
71%
100Kosowo
70%
< 1Indie (Andamany &
Nikobary)
70%
< 1Australia
(Wyspa Bożego
Narodzenia)
68%
100Macedonia Północna
68%
100Korea Południowa
65%
95Indonezja
65%
100Korea Północna
64%
100Mołdawia
64%
100Wietnam
64%
100Libia
63%
100Tajlandia
56%
?Laos
56%
100Etiopia
53%
100Tunezja
51%
100Filipiny
50%
100Kambodża
49%
100Malezja
48%
100Monako
46%
100Irak
45%
100Mjanma
45%
< 5Sudan
39%
100Somalia
38%
100Singapur
38%
100Tajwan
37%
100Erytrea
35%
90Papua-Nowa Gwinea
33%
100Brunei
26%
100Timor Wschodni
26%
100Mikronezja
23%
100Wyspy Marshalla
23%
< 5Kenia
19%
?Wyspy Salomona
19%
100Palau
18%
?Kiribati
15%
100Nauru
14%

Rozkład punktacji

Percentyl według liczby udzielonych odpowiedzi

Procent ludzi z każdym wynikiem

Twoja historia wyników

Nie rozwiązałeś tego quizu